00377cam a2200133 4500001001100000008004100011035001500052050002000067100002800087245006000115260003200175300002100207500001500228BIIH003175 1982 spa  aBIIH003175 4aF1234bF56 19821 aFlores Magón, Ricardo 0aArtículos políticos 1914 /cRicardo Flores Magón. aMéxico :bAntorcha,c1982 a140 p. ;c20 cm. a1 ejemplar